| 000 | 00938nac a22002531u 4500 | ||
|---|---|---|---|
| 010 | _a81067174 | ||
| 020 | _a0801414210 | ||
| 082 | 0 | 0 |
_a343.7307864794 _bS5539 |
| 090 |
_c1855 _d1855 |
||
| 100 | _aSherry, John Harold. | ||
| 245 | 1 | 4 |
_aThe laws of innkeepers : _bfor hotels, motels, restaurants, and clubs / _cJohn H. Sherry. |
| 250 |
_aRev. ed. / _bJohn E.H. Sherry. |
||
| 260 |
_aIthaca : _bCornell University Press, _c1981. |
||
| 300 |
_axvi, 674 p. ; _c24 cm. |
||
| 500 | _aKept up to date by supplement. | ||
| 500 | _aIncludes index. | ||
| 500 | _aDonations | ||
| 500 | _aDonations - Dr. Mostafa Gouda | ||
| 504 | _aBibliography: p. 645-651. | ||
| 650 | 0 |
_aHotels _xLaw and legislation _zUnited States. |
|
| 700 | 1 | _aSherry, John E. H. | |
| 942 |
_cBB _k343.7307864794S5539 |
||
| 999 |
_c1855 _d1855 |
||